| 000 | 00000nam##2200000za#4500 |
| 001 | 9.593655 |
| 003 | CaOODSP |
| 005 | 20210624201948 |
| 007 | cr ||||||||||| |
| 008 | 150406|2006||||xxc|||||o f|0| 0 fre|d |
| 020 | |a0-662-72495-X |
| 040 | |aCaOODSP|bfre |
| 043 | |an-cn--- |
| 086 | 1 |aH113-1/35-2006F-PDF |
| 110 | 1 |aCanada.|bSanté Canada. |bAgence de réglementation de la lutte antiparasitaire. |
| 245 | 10|aLutte efficace contre la punaise des lits |h[ressource électronique] |
| 260 | |aOttawa - Ontario : |bSanté Canada. |cSeptembre 2006. |
| 300 | |a2p.|bill. en couleur, photographies |
| 490 | 1 |aFeuillet de renseignements des organismes nuisibles |
| 590 | |a11-09-Supp|b2011-06-30 |
| 775 | 08|tEffective control of bed bugs |w(CaOODSP)9.561040 |
| 830 | #0|aFeuillet de renseignements des organismes nuisibles.|w(CaOODSP)9.500873 |
| 856 | 40|ahttp://publications.gc.ca|qPDF|s191 Ko|uhttps://publications.gc.ca/collections/collection_2011/sc-hc/H113-1-35-2006-fra.pdf |